Word Ladder: Reconstruction Figure Quiz Stats

 Plays Quiz Updated Jun 15, 2019

Score 0/9 Timer 01:30
0 Plays Today
Hint 6-Letter Word % Correct
___ Bros. Entertainment (Looney Tunes producer)WARNER
96.4%
Rug• CARPET •
92.6%
Gave a heads-upWARNED
90.3%
TwistedWARPED
82.3%
ComplainedCARPED
81.1%
FlagBANNER
78.8%
More paleWANNER
76.8%
Mash’s partner, in BritainBANGER
75.8%
Grocery store worker• BAGGER •
69.6%

Today's Daily Dose

Missing Word
Celine Dion

Word Ladder
Dr. Seuss Books

Quick Pick
Cities in India

Get the Picture
'A' Actresses

You're not logged in!

Compare scores with friends on all Sporcle quizzes.
OR
Log In

Sporcle TV

Today on Sporcle TV


Watch our educational content, quiz creation guides, and fun videos on Sporcle TV.

Show Comments

Extras

Top Quizzes Today


Score Distribution

Your Account Isn't Verified!

In order to create a playlist on Sporcle, you need to verify the email address you used during registration. Go to your Sporcle Settings to finish the process.

Report this User

Report this user for behavior that violates our Community Guidelines.

Details: